[Event "Philadelphia Open 2015"]
[Site "Philadelphia"]
[Date "2015.04.02"]
[Round "3.18"]
[White "Tarhon, Brian"]
[Black "Ortiz Suarez, Isam Reynaldo"]
[Result "0-1"]
[WhiteElo "2179"]
[BlackElo "2612"]
[PlyCount "92"]
[EventDate "2015.04.??"]
[EventType "swiss"]
[EventRounds "9"]
[EventCountry "USA"]

1. e4 c5 2. Nf3 d6 3. d4 cxd4 4. Nxd4 Nf6 5. Nc3 a6 6. Bg5 Nbd7 7. f3 e6 8. Qd2
Qc7 9. O-O-O b5 10. Bd3 Bb7 11. a3 Be7 12. h4 Ne5 13. Kb1 O-O 14. g4 d5 15.
exd5 Nxd5 16. Nxd5 Bxd5 17. Bxe7 Qxe7 18. Qe3 Qc5 19. Rhe1 Nc4 20. Bxc4 Qxc4
21. Nb3 Rac8 22. Re2 Rfd8 23. Rd3 Qc7 24. Red2 Qg3 25. h5 h6 26. Nc5 Ra8 27.
Ne4 Qh4 28. Nc3 Bc6 29. b3 Rxd3 30. Rxd3 a5 31. Ne2 a4 32. Nd4 Bb7 33. Kb2 axb3
34. cxb3 Qh2+ 35. Rd2 Qc7 36. Nxb5 Qa5 37. Qd3 Bc6 38. Nc3 Qxa3+ 39. Kc2 Rb8
40. Ne2 Rxb3 41. Qxb3 Ba4 42. Qxa4 Qxa4+ 43. Kd3 f5 44. gxf5 Qb5+ 45. Ke3 Qxf5
46. Nd4 Qe5+ 0-1

[Event "Philadelphia Open 2015"]
[Site "Philadelphia"]
[Date "2015.04.03"]
[Round "4.1"]
[White "Liang, Awonder"]
[Black "Xiong, Jeffery"]
[Result "0-1"]
[WhiteElo "2293"]
[BlackElo "2482"]
[PlyCount "80"]
[EventDate "2015.04.??"]
[EventType "swiss"]
[EventRounds "9"]
[EventCountry "USA"]
[WhiteClock "0:03:14"]
[BlackClock "0:24:37"]

1. e4 c5 2. Nf3 d6 3. d4 Nf6 4. Nc3 cxd4 5. Nxd4 a6 6. Bg5 e6 7. f4 b5 8. e5
dxe5 9. fxe5 Qc7 10. exf6 Qe5+ 11. Be2 Qxg5 12. O-O Ra7 13. Kh1 Rd7 14. Bf3 Qe5
15. Nce2 gxf6 16. c3 h5 17. Ng3 h4 18. Ngf5 h3 19. g4 Qc7 20. Qe2 Bb7 21. Rae1
Kd8 22. b4 Rg8 23. Ng3 Bd6 24. Ne4 Bxe4 25. Bxe4 Qxc3 26. Qf2 Be5 27. Nf3 Bc7
28. Qh4 Qxb4 29. Qxf6+ Qe7 30. Qc3 Rxg4 31. Ne5 Bxe5 32. Qxe5 Qd6 33. Qh8+ Kc7
34. Qxh3 f5 35. Bg2 Rc4 36. Qe3 f4 37. Qh3 e5 38. Qf5 Nc6 39. Rc1 Qd3 40. Qe6
f3 0-1

[Event "Philadelphia Open 2015"]
[Site "Philadelphia"]
[Date "2015.04.03"]
[Round "4.2"]
[White "Chandra, Akshat"]
[Black "Corallo, Michael Patrick"]
[Result "1-0"]
[WhiteElo "2476"]
[BlackElo "2290"]
[PlyCount "77"]
[EventDate "2015.04.??"]
[EventType "swiss"]
[EventRounds "9"]
[EventCountry "USA"]
[WhiteClock "0:00:22"]
[BlackClock "0:00:11"]

1. d4 Nf6 2. c4 e6 3. Nc3 Bb4 4. Qc2 O-O 5. Nf3 d5 6. cxd5 Qxd5 7. Bd2 Bxc3 8.
Bxc3 b6 9. g3 Bb7 10. Bg2 Qh5 11. O-O Be4 12. Qa4 Nbd7 13. Rac1 a5 14. Bd2 b5
15. Qa3 Rfc8 16. b3 Nd5 17. Rfe1 b4 18. Qb2 a4 19. Nh4 Bxg2 20. Nxg2 a3 21. Qb1
Rab8 22. e4 N5f6 23. Rc4 c5 24. Nf4 Qh6 25. Qc1 e5 26. Nd3 Qh3 27. f3 exd4 28.
Bxb4 Ne5 29. Nxe5 Rxb4 30. Rxc5 Rbb8 31. Qc4 Rxc5 32. Qxc5 h5 33. Qxd4 Rc8 34.
Nc4 h4 35. Qf2 Rd8 36. g4 Rd3 37. Rf1 Nxg4 38. fxg4 Qxg4+ 39. Qg2 1-0

[Event "Philadelphia Open 2015"]
[Site "Philadelphia"]
[Date "2015.04.03"]
[Round "4.3"]
[White "Dreev, Aleksey"]
[Black "Gerzhoy, Leonid"]
[Result "1-0"]
[WhiteElo "2636"]
[BlackElo "2430"]
[PlyCount "113"]
[EventDate "2015.04.??"]
[EventType "swiss"]
[EventRounds "9"]
[EventCountry "USA"]
[WhiteClock "0:14:01"]
[BlackClock "0:00:31"]

1. d4 d5 2. c4 c6 3. Nf3 Nf6 4. e3 Bg4 5. Nc3 e6 6. Qb3 Qb6 7. Nh4 Nbd7 8. h3
Bh5 9. g4 Bg6 10. Nxg6 hxg6 11. Bg2 Be7 12. Bd2 O-O 13. O-O-O Qxb3 14. axb3 Bb4
15. g5 Nh5 16. h4 a5 17. Kc2 f5 18. Bf3 Nb6 19. Na4 Nxa4 20. bxa4 dxc4 21. Bc3
Rad8 22. Ra1 Rd7 23. Rhd1 Rfd8 24. Be2 b5 25. Bf3 Rd6 26. axb5 cxb5 27. Bxb4
axb4 28. Ra5 Rb8 29. Ra7 Kh7 30. Ra5 Kg8 31. Rda1 f4 32. Ra8 Rxa8 33. Rxa8+ Kh7
34. Rb8 fxe3 35. fxe3 Ng3 36. Rxb5 Nf5 37. Rxb4 Nxe3+ 38. Kc3 e5 39. d5 Nxd5+
40. Bxd5 Rxd5 41. Rxc4 Kg8 42. b4 Kf7 43. Rc7+ Kf8 44. Ra7 e4 45. Ra5 Rd3+ 46.
Kc4 Rh3 47. Re5 Rxh4 48. b5 e3+ 49. Kd3 Rh1 50. Rxe3 Rc1 51. Kd4 Kf7 52. b6 Rb1
53. Kc5 Rc1+ 54. Kb4 Rc6 55. Kb5 Rc1 56. Rb3 Rc8 57. b7 1-0

[Event "Philadelphia Open 2015"]
[Site "Philadelphia"]
[Date "2015.04.03"]
[Round "4.4"]
[White "Mulyar, Michael A"]
[Black "Quesada Perez, Yuniesky"]
[Result "0-1"]
[WhiteElo "2412"]
[BlackElo "2629"]
[PlyCount "86"]
[EventDate "2015.04.??"]
[EventType "swiss"]
[EventRounds "9"]
[EventCountry "USA"]
[WhiteClock "0:00:48"]
[BlackClock "0:00:25"]

1. d4 Nf6 2. Nf3 e6 3. c4 Bb4+ 4. Bd2 Qe7 5. g3 Bxd2+ 6. Qxd2 Nc6 7. Nc3 d5 8.
cxd5 exd5 9. Bg2 O-O 10. O-O Re8 11. e3 Bf5 12. Nh4 Be6 13. Rfc1 a6 14. a3 Na7
15. Na4 Nb5 16. Nc5 c6 17. Nf3 Nd6 18. Ne5 Nfe4 19. Qb4 a5 20. Qb6 Nxc5 21.
Qxc5 a4 22. Qc3 Bf5 23. Bf1 h5 24. Qe1 Qf6 25. Qd1 g6 26. h3 Ne4 27. Qe2 Kg7
28. Bg2 Nd6 29. Rf1 Qe7 30. Kh2 Ra5 31. Nd3 Bxd3 32. Qxd3 h4 33. g4 Rb5 34. Qc2
Rb3 35. Kg1 Nc4 36. Rfb1 Qf6 37. e4 Qxd4 38. exd5 Nd2 39. Re1 Rxb2 40. Qd1
Rxe1+ 41. Qxe1 cxd5 42. Rd1 b5 43. Kh1 b4 0-1

[Event "Philadelphia Open 2015"]
[Site "Philadelphia"]
[Date "2015.04.03"]
[Round "4.5"]
[White "Wang, Kevin"]
[Black "Avrukh, Boris"]
[Result "0-1"]
[WhiteElo "2371"]
[BlackElo "2610"]
[PlyCount "88"]
[EventDate "2015.04.??"]
[EventType "swiss"]
[EventRounds "9"]
[EventCountry "USA"]

1. d4 Nf6 2. c4 g6 3. Nc3 Bg7 4. e4 d6 5. Bd3 O-O 6. Nge2 e5 7. d5 Nbd7 8. O-O
Nh5 9. Be3 Nc5 10. Bc2 a5 11. Qd2 Bd7 12. Rab1 Qe7 13. Nb5 Be8 14. b3 f5 15.
Bxc5 dxc5 16. d6 cxd6 17. Qxd6 Qh4 18. Rbd1 Bc6 19. Nc7 Rad8 20. Qxc5 Rxd1 21.
Rxd1 Nf6 22. Qe7 Rf7 23. Ne6 Bf8 24. Rd8 Qh6 25. Rxf8+ Qxf8 26. Qxf8+ Rxf8 27.
Nxf8 Kxf8 28. exf5 gxf5 29. Bxf5 Ke7 30. f3 Kd6 31. Nc3 Kc5 32. Ne4+ Nxe4 33.
fxe4 Kb4 34. Bxh7 Ka3 35. h4 Kxa2 36. h5 Kxb3 37. h6 a4 38. c5 Kc3 39. Bg8 Bxe4
40. h7 Bxh7 41. Bxh7 a3 42. Bg8 e4 43. g4 e3 44. Kf1 Kd2 0-1

[Event "Philadelphia Open 2015"]
[Site "Philadelphia"]
[Date "2015.04.03"]
[Round "4.6"]
[White "Ghaem Maghami, Ehsan"]
[Black "Rosen, Eric"]
[Result "1/2-1/2"]
[WhiteElo "2562"]
[BlackElo "2322"]
[PlyCount "120"]
[EventDate "2015.04.??"]
[EventType "swiss"]
[EventRounds "9"]
[EventCountry "USA"]

1. e4 e5 2. Nf3 Nc6 3. Nc3 Nf6 4. Bb5 Bb4 5. O-O O-O 6. d3 d6 7. Bg5 Ne7 8. Bc4
c6 9. Nh4 d5 10. Bxf6 gxf6 11. Bb3 Ng6 12. Nxg6 hxg6 13. exd5 Bxc3 14. bxc3
cxd5 15. d4 e4 16. f3 Re8 17. fxe4 Rxe4 18. Qd3 Qd6 19. c4 Rh4 20. Qg3 Qxg3 21.
hxg3 Rxd4 22. cxd5 Bf5 23. c3 Rd2 24. Rf2 Rxf2 25. Kxf2 Re8 26. Rd1 Kf8 27. c4
b6 28. Ba4 Rc8 29. Bb5 Be4 30. g4 Ke7 31. Rd4 f5 32. gxf5 gxf5 33. d6+ Ke6 34.
g3 Rd8 35. d7 Ke7 36. Ke3 Rg8 37. g4 Kd8 38. c5 bxc5 39. Rc4 a6 40. Rxc5 Bb7
41. Bd3 Kxd7 42. Rxf5 Ke7 43. g5 Bc8 44. Ra5 Rd8 45. Bxa6 Bxa6 46. Rxa6 Rd1 47.
Ra5 Kf8 48. a4 Kg7 49. Ke4 f6 50. Rd5 Re1+ 51. Kd4 fxg5 52. Rxg5+ Kf6 53. Rg4
Rc1 54. Re4 Kf5 55. Re5+ Kf6 56. Re4 Kf5 57. Kd5 Rd1+ 58. Rd4 Rxd4+ 59. Kxd4
Ke6 60. Kc5 Kd7 1/2-1/2

[Event "Philadelphia Open 2015"]
[Site "Philadelphia"]
[Date "2015.04.03"]
[Round "4.7"]
[White "Mandizha, Farai"]
[Black "Zierk, Steven"]
[Result "1-0"]
[WhiteElo "2365"]
[BlackElo "2485"]
[PlyCount "133"]
[EventDate "2015.04.??"]
[EventType "swiss"]
[EventRounds "9"]
[EventCountry "USA"]

1. e4 e5 2. Nf3 Nc6 3. Bb5 Nf6 4. d3 Bc5 5. O-O Nd4 6. Nxd4 Bxd4 7. c3 Bb6 8.
Nd2 c6 9. Ba4 O-O 10. Nf3 d6 11. h3 h6 12. Bc2 Re8 13. Qe2 d5 14. Rd1 Qe7 15.
Nh2 a5 16. Nf1 dxe4 17. dxe4 Be6 18. a3 Nd7 19. Qf3 Nf8 20. Ng3 Qh4 21. Nf5
Bxf5 22. exf5 e4 23. Qf4 Qxf4 24. Bxf4 e3 25. Bxe3 Bxe3 26. fxe3 Rxe3 27. Re1
Rae8 28. Rxe3 Rxe3 29. Kf2 Re7 30. b4 Rd7 31. Ke3 axb4 32. axb4 g5 33. Ra8 f6
34. Bb3+ Kg7 35. Re8 h5 36. g3 h4 37. g4 Rc7 38. Be6 b6 39. Ke4 Ra7 40. Rc8 c5
41. bxc5 bxc5 42. Rxc5 Nd7 43. Bxd7 Rxd7 44. Rd5 Ra7 45. Rd3 Rc7 46. Kd5 Rd7+
47. Kc4 Rc7+ 48. Kb5 Rb7+ 49. Kc6 Rb3 50. Re3 Kf7 51. Kd5 Ra3 52. Kd4 Ra8 53.
c4 Rd8+ 54. Kc5 Rc8+ 55. Kb5 Rb8+ 56. Ka6 Rc8 57. Rc3 Ke7 58. Kb7 Rc5 59. Kb6
Re5 60. c5 Re1 61. Kc7 Rb1 62. Re3+ Kf7 63. c6 Rc1 64. Kb7 Rb1+ 65. Kc8 Kg7 66.
c7 Rc1 67. Rd3 1-0

[Event "Philadelphia Open 2015"]
[Site "Philadelphia"]
[Date "2015.04.03"]
[Round "4.8"]
[White "Ortiz Suarez, Isam Reynaldo"]
[Black "Balakrishnan, Praveen"]
[Result "1/2-1/2"]
[WhiteElo "2612"]
[BlackElo "2125"]
[PlyCount "186"]
[EventDate "2015.04.??"]
[EventType "swiss"]
[EventRounds "9"]
[EventCountry "USA"]

1. Nf3 Nf6 2. c4 e6 3. g3 d5 4. Bg2 Be7 5. O-O O-O 6. b3 c5 7. e3 Nc6 8. Bb2 d4
9. exd4 cxd4 10. d3 e5 11. Re1 Nd7 12. a3 a5 13. Nbd2 f6 14. h4 Nc5 15. Ne4 Ne6
16. Qc2 b6 17. Ned2 Bb7 18. Rab1 Qc7 19. Bc1 Nb8 20. b4 axb4 21. axb4 Nc6 22.
c5 bxc5 23. bxc5 Nxc5 24. Nc4 Na5 25. Nxa5 Qxa5 26. Rxb7 Nxb7 27. Qb3+ Rf7 28.
Qxb7 Bb4 29. Qe4 Bxe1 30. Qxe1 Qxe1+ 31. Nxe1 Ra1 32. Bd2 Rd1 33. Bb4 Rb1 34.
Bd2 Rd1 35. Bb4 Rb1 36. Bd2 Rc7 37. Kf1 f5 38. Ke2 Rb2 39. Bd5+ Kh8 40. Nf3 Rc5
41. Bc4 h6 42. h5 Kh7 43. Bf7 Kh8 44. Bg6 e4 45. dxe4 fxe4 46. Bxe4 Rxh5 47.
Nxd4 Re5 48. f3 Rg5 49. Nf5 g6 50. Nxh6 Rxg3 51. Ke3 Kh7 52. Ng4 Rxd2 53. Kxd2
Kg7 54. Ke3 g5 55. Kd4 Rg1 56. Ke5 Ra1 57. Ne3 Ra5+ 58. Ke6 Kh6 59. Kf6 Ra6+
60. Kf5 Kh5 61. Nc4 Ra4 62. Ne3 Ra5+ 63. Kf6 Ra6+ 64. Ke5 Ra5+ 65. Ke6 Ra6+ 66.
Kd5 Ra5+ 67. Kc4 Ra3 68. Ng4 Ra4+ 69. Kd3 Ra3+ 70. Ke2 Ra2+ 71. Ke3 Ra3+ 72.
Kf2 Kh4 73. Nh6 Ra2+ 74. Ke3 Ra3+ 75. Bd3 Kg3 76. Nf5+ Kg2 77. Nd4 Kg3 78. Ke4
Ra4 79. Be2 Ra2 80. Bb5 Ra3 81. Bd7 Ra7 82. Bg4 Ra5 83. Ne2+ Kf2 84. Nc3 Kg3
85. Kd4 Ra3 86. Kc4 Ra1 87. Kd3 Ra3 88. Kd4 Rb3 89. Bh5 Rb4+ 90. Ke5 g4 91. f4
Kh4 92. Bf7 g3 93. Bd5 Rb2 1/2-1/2

[Event "Philadelphia Open 2015"]
[Site "Philadelphia"]
[Date "2015.04.03"]
[Round "4.10"]
[White "Chirila, Ioan Cristian"]
[Black "Colas, Joshua"]
[Result "1-0"]
[WhiteElo "2537"]
[BlackElo "2315"]
[PlyCount "69"]
[EventDate "2015.04.??"]
[EventType "swiss"]
[EventRounds "9"]
[EventCountry "USA"]

1. d4 Nf6 2. c4 e6 3. Nc3 Bb4 4. f3 O-O 5. a3 Bxc3+ 6. bxc3 Ne8 7. e4 b6 8. Bd3
c5 9. f4 d6 10. Nf3 Bb7 11. O-O h6 12. Be3 Nc6 13. h3 Na5 14. Nd2 f5 15. Qc2
fxe4 16. Bxe4 Nf6 17. Bxb7 Nxb7 18. Bf2 Rc8 19. d5 exd5 20. cxd5 c4 21. Bd4 Qd7
22. Bxf6 Rxf6 23. f5 Qf7 24. Ne4 Nc5 25. Nxf6+ Qxf6 26. Rae1 Rf8 27. Qd2 b5 28.
Rf3 a5 29. Qe3 Rf7 30. Qe8+ Kh7 31. Re6 Nxe6 32. fxe6 Re7 33. Qxb5 Qh4 34. Qb1+
g6 35. Qf1 1-0

[Event "Philadelphia Open 2015"]
[Site "Philadelphia"]
[Date "2015.04.03"]
[Round "4.11"]
[White "Smith, Bryan"]
[Black "Song, Edward"]
[Result "1/2-1/2"]
[WhiteElo "2482"]
[BlackElo "2302"]
[PlyCount "58"]
[EventDate "2015.04.??"]
[EventType "swiss"]
[EventRounds "9"]
[EventCountry "USA"]

1. e4 c5 2. Nf3 d6 3. d4 cxd4 4. Nxd4 Nf6 5. Nc3 a6 6. h3 e5 7. Nde2 h5 8. Bg5
Be6 9. Bxf6 Qxf6 10. Nd5 Qd8 11. Nec3 g6 12. Bc4 Bh6 13. O-O O-O 14. Qd3 Nd7
15. a4 Rc8 16. a5 Qg5 17. Na4 Qh4 18. b3 Rcd8 19. Nab6 Nf6 20. Nc3 Nh7 21. Bd5
Ng5 22. Bxb7 Nxh3+ 23. gxh3 Bf4 24. Ne2 Bxh3 25. Nxf4 exf4 26. Qf3 Qg5+ 27. Kh1
Qh4 28. Kg1 Qg5+ 29. Kh1 Qh4 1/2-1/2

[Event "Philadelphia Open 2015"]
[Site "Philadelphia"]
[Date "2015.04.03"]
[Round "4.12"]
[White "Sorkin, Igor"]
[Black "Kannappan, Priyadharshan"]
[Result "1/2-1/2"]
[WhiteElo "2325"]
[BlackElo "2456"]
[PlyCount "101"]
[EventDate "2015.04.??"]
[EventType "swiss"]
[EventRounds "9"]
[EventCountry "USA"]

1. d4 d5 2. c4 e6 3. Nc3 Nf6 4. cxd5 exd5 5. Bg5 c6 6. Qc2 Be7 7. e3 g6 8. Bd3
Nbd7 9. Nge2 Nf8 10. O-O Ne6 11. Bh4 Nh5 12. Bxe7 Qxe7 13. Rab1 a5 14. a3 O-O
15. Na4 Qc7 16. Rfc1 Bd7 17. Qb3 Nf6 18. Qb6 Rfb8 19. Nec3 Be8 20. Qxc7 Nxc7
21. Nb6 Ra7 22. f3 Nd7 23. Nca4 Nxb6 24. Nxb6 Kf8 25. Kf2 Rd8 26. h4 Na8 27.
Nxa8 Raxa8 28. Rc3 Ke7 29. b4 axb4 30. Rxb4 b5 31. Bc2 Ra7 32. a4 bxa4 33. Rxa4
Rxa4 34. Bxa4 Ra8 35. Bc2 Ra1 36. Bd3 Ra2+ 37. Kg3 Bd7 38. Bc2 Ra1 39. h5 Rh1
40. hxg6 hxg6 41. Kf4 Rc1 42. Rc5 Re1 43. Rc3 Rc1 44. g4 f6 45. Rc5 g5+ 46. Kg3
Re1 47. Kf2 Ra1 48. Rc3 Kd6 49. Bf5 Ra2+ 50. Kg3 Be8 51. f4 1/2-1/2

[Event "Philadelphia Open 2015"]
[Site "Philadelphia"]
[Date "2015.04.03"]
[Round "4.15"]
[White "Katz, Alexander"]
[Black "Ippolito, Dean"]
[Result "1-0"]
[WhiteElo "2265"]
[BlackElo "2414"]
[PlyCount "61"]
[EventDate "2015.04.??"]
[EventType "swiss"]
[EventRounds "9"]
[EventCountry "USA"]

1. e4 c6 2. d4 d5 3. Nc3 dxe4 4. Nxe4 Bf5 5. Ng3 Bg6 6. h4 h6 7. Nf3 Nd7 8. h5
Bh7 9. Bd3 Bxd3 10. Qxd3 e6 11. Bd2 Ngf6 12. O-O-O Be7 13. Ne4 Nxe4 14. Qxe4
Nf6 15. Qd3 Qd5 16. c4 Qe4 17. Qb3 b5 18. Ne5 Qxd4 19. Qg3 Qb6 20. Qxg7 Rh7 21.
Qg3 bxc4 22. Bc3 Qb5 23. Rh4 Kf8 24. Rf4 Nd5 25. Rg4 Ke8 26. Rg8+ Bf8 27. Nxc4
Qxc4 28. Qd6 Qf4+ 29. Qxf4 Nxf4 30. Bb4 c5 31. Bxc5 1-0

[Event "Philadelphia Open 2015"]
[Site "Philadelphia"]
[Date "2015.04.03"]
[Round "5.1"]
[White "Xiong, Jeffery"]
[Black "Chandra, Akshat"]
[Result "1/2-1/2"]
[WhiteElo "2482"]
[BlackElo "2476"]
[PlyCount "39"]
[EventDate "2015.04.??"]
[EventType "swiss"]
[EventRounds "9"]
[EventCountry "USA"]
[WhiteClock "1:11:30"]
[BlackClock "0:54:12"]

1. e4 c5 2. Nf3 e6 3. c3 Nf6 4. e5 Nd5 5. Bc4 d6 6. O-O Be7 7. d4 cxd4 8. exd6
Qxd6 9. Nxd4 O-O 10. Nf5 exf5 11. Bxd5 Nc6 12. c4 Be6 13. Nc3 Rad8 14. g3 Bf6
15. Bf4 Qd7 16. Qb3 Nd4 17. Qd1 Nc6 18. Qb3 Nd4 19. Qd1 Nc6 20. Qb3 1/2-1/2

[Event "Philadelphia Open 2015"]
[Site "Philadelphia"]
[Date "2015.04.03"]
[Round "5.2"]
[White "Avrukh, Boris"]
[Black "Dreev, Aleksey"]
[Result "1/2-1/2"]
[WhiteElo "2610"]
[BlackElo "2636"]
[PlyCount "21"]
[EventDate "2015.04.??"]
[EventType "swiss"]
[EventRounds "9"]
[EventCountry "USA"]
[WhiteClock "1:48:46"]
[BlackClock "1:56:48"]

1. d4 d5 2. c4 c6 3. Nf3 Nf6 4. Nc3 a6 5. a4 e6 6. Bg5 Be7 7. e3 a5 8. Be2 Na6
9. O-O O-O 10. Qb3 Nb4 11. Rfd1 1/2-1/2

[Event "Philadelphia Open 2015"]
[Site "Philadelphia"]
[Date "2015.04.03"]
[Round "5.3"]
[White "Quesada Perez, Yuniesky"]
[Black "Mandizha, Farai"]
[Result "1-0"]
[WhiteElo "2629"]
[BlackElo "2365"]
[PlyCount "91"]
[EventDate "2015.04.??"]
[EventType "swiss"]
[EventRounds "9"]
[EventCountry "USA"]
[WhiteClock "0:23:11"]
[BlackClock "0:14:41"]

1. e4 c5 2. Nf3 d6 3. d4 cxd4 4. Nxd4 Nf6 5. Nc3 a6 6. h3 e5 7. Nde2 h5 8. g3
Be6 9. Bg2 Nbd7 10. O-O Rc8 11. a4 Rc6 12. Nd5 Qc8 13. Nec3 Rc4 14. Be3 Nxd5
15. Nxd5 Rxc2 16. Qxc2 Qxc2 17. Rfc1 Qxc1+ 18. Rxc1 Kd8 19. a5 Be7 20. Bb6+
Nxb6 21. axb6 Bxd5 22. exd5 e4 23. Rc7 Bf6 24. Bf1 Bd4 25. Rxb7 Re8 26. Bxa6 e3
27. fxe3 Rxe3 28. Rb8+ Ke7 29. Kg2 Rb3 30. b7 Rxb2+ 31. Kf1 Rf2+ 32. Ke1 Rb2
33. Ra8 Bf2+ 34. Kf1 Bxg3 35. b8=Q Rxb8 36. Rxb8 g6 37. Rb7+ Kf8 38. Bb5 Be5
39. Ke2 Bh2 40. Bd7 Be5 41. Kd3 Bh2 42. Kc4 Bg3 43. Kb5 Be5 44. Kc6 f5 45. Be6
f4 46. Kb5 1-0

[Event "Philadelphia Open 2015"]
[Site "Philadelphia"]
[Date "2015.04.03"]
[Round "5.4"]
[White "Corallo, Michael Patrick"]
[Black "Ghaem Maghami, Ehsan"]
[Result "0-1"]
[WhiteElo "2290"]
[BlackElo "2562"]
[PlyCount "80"]
[EventDate "2015.04.??"]
[EventType "swiss"]
[EventRounds "9"]
[EventCountry "USA"]
[WhiteClock "0:01:17"]
[BlackClock "0:00:51"]

1. e4 c5 2. Nf3 e6 3. d4 cxd4 4. Nxd4 a6 5. Be2 Nf6 6. Nc3 d6 7. O-O Be7 8. f4
Qc7 9. Kh1 Nc6 10. a4 O-O 11. Be3 Nb4 12. Bf3 Rd8 13. a5 d5 14. e5 Nd7 15. Na4
Nc6 16. Nb3 d4 17. Bd2 Rb8 18. Be4 f5 19. Bd3 b5 20. axb6 Nxb6 21. Qe2 Nb4 22.
Nxb6 Rxb6 23. Bxb4 Bxb4 24. Rfd1 Rc6 25. Nd2 a5 26. Nf3 h6 27. Qf2 Bc5 28. h3
Qb6 29. b3 Ba6 30. g4 Rdc8 31. g5 Bxd3 32. Rxd3 hxg5 33. fxg5 g6 34. Qh4 R6c7
35. Qh6 Rg7 36. Rad1 Qb7 37. Kh2 Qe4 38. Qh4 Bb6 39. Qf2 Rgc7 40. Nxd4 Rxc2 0-1

[Event "Philadelphia Open 2015"]
[Site "Philadelphia"]
[Date "2015.04.03"]
[Round "5.5"]
[White "Margvelashvili, Giorgi"]
[Black "Pourkashiyan, Atousa"]
[Result "1/2-1/2"]
[WhiteElo "2539"]
[BlackElo "2347"]
[PlyCount "71"]
[EventDate "2015.04.??"]
[EventType "swiss"]
[EventRounds "9"]
[EventCountry "USA"]

1. Nf3 Nf6 2. c4 e6 3. d4 Bb4+ 4. Nbd2 O-O 5. a3 Be7 6. e4 d5 7. Qc2 dxe4 8.
Nxe4 Nbd7 9. Nxf6+ Nxf6 10. Be2 b6 11. O-O Bb7 12. Rd1 Qc8 13. b4 Be4 14. Qb3
Qb7 15. Bb2 Rfd8 16. g3 a6 17. Rac1 b5 18. Nd2 Bc6 19. Qe3 bxc4 20. Nxc4 Bd5
21. Na5 Qb6 22. Rc2 Be4 23. Rcc1 h6 24. Bf3 Bd5 25. Rc2 Bd6 26. Rdc1 Re8 27.
Re1 Bxf3 28. Qxf3 Qb5 29. Nc4 Red8 30. Rd1 Qd5 31. Qd3 Qb5 32. Qf3 Qd5 33. Kg2
Qxf3+ 34. Kxf3 Nd5 35. Ne3 a5 36. Nxd5 1/2-1/2

[Event "Philadelphia Open 2015"]
[Site "Philadelphia"]
[Date "2015.04.03"]
[Round "5.6"]
[White "Rosen, Eric"]
[Black "Chirila, Ioan Cristian"]
[Result "1/2-1/2"]
[WhiteElo "2322"]
[BlackElo "2537"]
[PlyCount "51"]
[EventDate "2015.04.??"]
[EventType "swiss"]
[EventRounds "9"]
[EventCountry "USA"]

1. c4 Nf6 2. Nc3 d5 3. cxd5 Nxd5 4. g3 g6 5. Bg2 Nxc3 6. bxc3 Bg7 7. h4 h6 8.
Rb1 Nc6 9. Qa4 Qd7 10. d4 O-O 11. f4 e5 12. fxe5 Nxe5 13. Qxd7 Nxd7 14. Bxb7
Rb8 15. Be4 Ba6 16. Rxb8 Rxb8 17. e3 Nf6 18. Bc2 Re8 19. Ba4 Re7 20. Bc6 Ng4
21. e4 Bc4 22. Nh3 Re6 23. Ba8 Re8 24. Bc6 Re6 25. Ba8 Re8 26. Bc6 1/2-1/2

[Event "Philadelphia Open 2015"]
[Site "Philadelphia"]
[Date "2015.04.03"]
[Round "5.7"]
[White "Esserman, Marc"]
[Black "Liang, Awonder"]
[Result "1/2-1/2"]
[WhiteElo "2427"]
[BlackElo "2293"]
[PlyCount "77"]
[EventDate "2015.04.??"]
[EventType "swiss"]
[EventRounds "9"]
[EventCountry "USA"]

1. e4 c5 2. d4 cxd4 3. c3 Nf6 4. e5 Nd5 5. Nf3 e6 6. cxd4 b6 7. Nc3 Nxc3 8.
bxc3 Qc7 9. Bd2 Bb7 10. Bd3 d6 11. O-O Nd7 12. Ng5 dxe5 13. Qh5 g6 14. Qh3 Be7
15. Rae1 Bxg5 16. Bxg5 O-O 17. dxe5 Qxc3 18. Re3 Qc6 19. Be4 Qc7 20. Bf6 h5 21.
Rc3 Qb8 22. Qe3 Nxf6 23. exf6 Kh7 24. Qg5 Bxe4 25. Rh3 Bf3 26. Rxf3 Rg8 27. Rc1
Qb7 28. Rh3 Qd5 29. Qxd5 exd5 30. Rc7 Rgf8 31. Re3 Rac8 32. Ree7 Rxc7 33. Rxc7
Kg8 34. Rxa7 Rd8 35. Kf1 Rd6 36. f3 Rxf6 37. Rd7 Rf4 38. Rxd5 Ra4 39. Rd8+
1/2-1/2

[Event "Philadelphia Open 2015"]
[Site "Philadelphia"]
[Date "2015.04.03"]
[Round "5.8"]
[White "Wu, Christopher"]
[Black "Li, Ruifeng"]
[Result "1/2-1/2"]
[WhiteElo "2259"]
[BlackElo "2426"]
[PlyCount "66"]
[EventDate "2015.04.??"]
[EventType "swiss"]
[EventRounds "9"]
[EventCountry "USA"]

1. e4 c5 2. Nf3 d6 3. c3 Nf6 4. Bd3 g6 5. O-O Bg7 6. Bc2 O-O 7. d4 cxd4 8. cxd4
Nc6 9. d5 Nb4 10. h3 Nxc2 11. Qxc2 Bd7 12. Nc3 Rc8 13. Be3 Qa5 14. Qd3 a6 15.
Nd4 b5 16. a3 Rc4 17. Rfc1 Rfc8 18. Nb3 Qd8 19. Nd2 R4c7 20. Ne2 Rxc1+ 21. Rxc1
Rxc1+ 22. Nxc1 Qc7 23. Ne2 Bc8 24. Bd4 Nd7 25. Bxg7 Kxg7 26. f4 Nb6 27. Qc3+
Qxc3 28. Nxc3 f5 29. exf5 gxf5 30. Nf1 Nc4 31. Nd1 Kf6 32. Nfe3 Nb6 33. Nc3 Bd7
1/2-1/2

[Event "Philadelphia Open 2015"]
[Site "Philadelphia"]
[Date "2015.04.03"]
[Round "5.9"]
[White "Gurevich, Daniel"]
[Black "Katz, Alexander"]
[Result "1/2-1/2"]
[WhiteElo "2373"]
[BlackElo "2265"]
[PlyCount "86"]
[EventDate "2015.04.??"]
[EventType "swiss"]
[EventRounds "9"]
[EventCountry "USA"]

1. e4 d6 2. d4 Nf6 3. Nc3 g6 4. Nf3 Bg7 5. Be2 O-O 6. O-O c6 7. a4 Qc7 8. Bf4
Nbd7 9. e5 Nh5 10. exd6 exd6 11. Bg5 d5 12. Re1 Re8 13. Qd2 Nf8 14. h3 Ne6 15.
Bf1 Bd7 16. Bh6 f6 17. Bxg7 Nhxg7 18. a5 Re7 19. Na4 Rae8 20. c4 Nf4 21. Rxe7
Rxe7 22. cxd5 Nxd5 23. Nc3 Be6 24. a6 b6 25. Rc1 Nf5 26. Qc2 Nd6 27. Nd2 Nxc3
28. Qxc3 Bd5 29. Bc4 Bxc4 30. Nxc4 Nb5 31. Qd3 Qf4 32. Rd1 Re4 33. g3 Qf5 34.
Ne3 Qf3 35. Nc2 Qxd3 36. Rxd3 Nc7 37. Nb4 c5 38. dxc5 bxc5 39. Nd5 Nxd5 40.
Rxd5 Re6 41. Rd8+ Kf7 42. Rd7+ Re7 43. Rb7 Ke6 1/2-1/2

[Event "Philadelphia Open 2015"]
[Site "Philadelphia"]
[Date "2015.04.03"]
[Round "5.10"]
[White "Homa, Seth"]
[Black "Ghatti, Sanjay"]
[Result "1-0"]
[WhiteElo "2367"]
[BlackElo "2148"]
[PlyCount "47"]
[EventDate "2015.04.??"]
[EventType "swiss"]
[EventRounds "9"]
[EventCountry "USA"]

1. d4 d5 2. Nf3 Nf6 3. c4 e6 4. Nc3 Be7 5. Bf4 c5 6. dxc5 Na6 7. c6 bxc6 8. e3
O-O 9. Be2 Nc5 10. O-O Ba6 11. Ne5 Qb6 12. Qc2 Rfd8 13. b4 Nce4 14. Na4 Qb7 15.
f3 g5 16. fxe4 gxf4 17. exd5 cxd5 18. Rxf4 Qc7 19. Nxf7 Kxf7 20. Qxh7+ Ke8 21.
Rxf6 Qe5 22. Qf7+ Kd7 23. Nc5+ Kc8 24. Qxe7 1-0

[Event "Philadelphia Open 2015"]
[Site "Philadelphia"]
[Date "2015.04.03"]
[Round "5.11"]
[White "Balakrishnan, Praveen"]
[Black "Zierk, Steven"]
[Result "1/2-1/2"]
[WhiteElo "2125"]
[BlackElo "2485"]
[PlyCount "100"]
[EventDate "2015.04.??"]
[EventType "swiss"]
[EventRounds "9"]
[EventCountry "USA"]

1. d4 d5 2. c4 c6 3. Nf3 Nf6 4. e3 Bf5 5. Nc3 a6 6. Be2 e6 7. Nh4 Be4 8. f3 Bg6
9. Qb3 b5 10. c5 Nbd7 11. Bd2 Ne4 12. Nxg6 Nxd2 13. Kxd2 hxg6 14. Rae1 Be7 15.
Kc1 e5 16. f4 exd4 17. exd4 g5 18. Bf3 O-O 19. f5 Bf6 20. Qd1 Qc7 21. g3 Rfe8
22. Qd2 Kf8 23. Nd1 Rxe1 24. Rxe1 Re8 25. Rxe8+ Kxe8 26. Kc2 Kf8 27. Nf2 Be7
28. Nh3 Qd8 29. Nf2 Kg8 30. Ng4 Qc8 31. Qe3 Kf8 32. Qd3 Kg8 33. Qe3 Qd8 34. a3
Kf8 35. Qd2 Qc8 36. Kc1 Nf6 37. Qd3 Nxg4 38. Bxg4 Bf6 39. Kd2 Qc7 40. Qc3 Ke8
41. Qe3+ Kd7 42. Qc3 Qd8 43. h3 Kc8 44. Qe3 Qa5+ 45. Qc3 Qa4 46. b4 a5 47. Qe3
axb4 48. Qe8+ Kc7 49. Qxf7+ Kb8 50. Qe8+ Kc7 1/2-1/2